01617nam a2200349Ia 4500001001100000003000800011006001900019007001500038008004100053010001700094020001500111020002200126040002100148035002000169050002900189100003000218245011700248260007000365300002300435490006000458500013400518504006400652533015200716650006300868650005600931650003300987655002901020710001701049830006101066856012501127999001501252ebr5008035CaPaEBRm u cr cn|||||||||000711s2001 enka sb 001 0 eng d z 00058532  z0521571189 z052179854X (pbk.) aCaPaEBRcCaPaEBR a(OCoLC)5102837514aPN1993.5.U65bC37 2001eb1 aCarr, Steven Alan,d1964-10aHollywood and anti-semitismh[electronic resource] :ba cultural history up to World War II /cSteven Alan Carr. aCambridge, U.K. ;aNew York :bCambridge University Press,c2001. axv, 342 p. :bill.1 aCambridge studies in the history of mass communications aRevision of the author's thesis (doctoral--University of Texas at Austin, 1994) presented under the title The Hollywood question. aIncludes bibliographical references (p. 325-335) and index. aElectronic reproduction.bPalo Alto, Calif. :cebrary,d2013.nAvailable via World Wide Web.nAccess may be limited to ebrary affiliated libraries. 0aMotion picture industryzCaliforniazLos AngelesxHistory. 0aJews in the motion picture industryzUnited States. 0aAntisemitismzUnited States. 7aElectronic books.2local2 aebrary, Inc. 0aCambridge studies in the history of mass communications.40uhttp://site.ebrary.com/lib/rucke/Doc?id=5008035zAn electronic book accessible through the World Wide Web; click to view c5234d5234